000 00310 a2200109 4500
020 _a8173194084
082 _a624.183412 RAJ
100 _aRajagopalan, N.
245 _aPrestressed Concrete/
_cN. Rajagopalan
260 _aNew Delhi :
_bNarosa Publishing House,
_c2002
300 _axx, 482p. :
_bill. ;
_c25 cm
650 _aPrestressed Concrete
999 _c1366
_d1366